banner-ar

السلوك الحضارى والمواطنة فى المجتمعات الديمقراطيةالليبرالية / (Record no. 47708)

MARC details
000 -الفاتح
حقل البيانات ثابتة الطول 00876nam a2200241Ia 4500
008 - عناصر البيانات ثابتة الطول - معلومات عامة
حقل البيانات ثابتة الطول 140319s9999 xx 000 0 ara d
040 ## - مصدر الفهرسة
وكالة الفهرسة الأصلية GCL /
وكالة النسخ GCL
082 04 - رقم تصنيف ديوى العشرى
رقم التصنيف 321.8
رقم المادة ب س
100 1# - المدخل الرئيسى - إسم شخصى
الإسم الشخصى سمير عزت نصار (مترجم)
245 10 - بيان العنوان
العنوان السلوك الحضارى والمواطنة فى المجتمعات الديمقراطيةالليبرالية /
بيان المسئوليه,etc سمير عزت نصار (مترجم)
700 1# - المدخل الاضافى - اسم شخصى
الإسم الشخصى بانفيلد، ادوارد سى0
700 1# - المدخل الاضافى - اسم شخصى
الإسم الشخصى احمد يعقوب المجدوبة
300 ## - الوصف المادى
التعداد 190 ص
490 ## - بيان السلسلة
عنوان السلسلة الهيئة العامة للاستعلامات
رقم المجلد/ التعيين التسلسلي 0
650 04 - المدخل الاضافى بالموضوع-مصطلح موضوعى
مصطلح موضوعي الحقوق السياسية
650 04 - المدخل الاضافى بالموضوع-مصطلح موضوعى
مصطلح موضوعي الديمقراطية
650 04 - المدخل الاضافى بالموضوع-مصطلح موضوعى
مصطلح موضوعي الليبرالية
650 04 - المدخل الاضافى بالموضوع-مصطلح موضوعى
مصطلح موضوعي العلوم السياسية
650 04 - المدخل الاضافى بالموضوع-مصطلح موضوعى
مصطلح موضوعي السلوك الاجتماعى
650 04 - المدخل الاضافى بالموضوع-مصطلح موضوعى
مصطلح موضوعي المواطنة
942 ## - عناصر المدخل الإضافي( كوها)
مصدر التصنيف او مخطط الترفيف Dewey Decimal Classification
Koha [default] item type كتاب
Holdings
حالة التراجع حالة الفقد حالة تلف ليس للاعارة المكان المؤقت الموقع الحالى تاريخ الاكتساب اجمالي اﻻعارات رقم الطلب الباركود تاريخ اخر مشاهدة تاريخ تفعيل السعر نوع وعاء كوها
        مكتبة القاهرة الكبرى مكتبة القاهرة الكبرى 03/26/2014   321.8\ب س 115049 03/26/2014 03/26/2014 كتاب

Powered By

EGPV